Le voyage de Yann sur les côtes bretonnes - Statistiques

Statistiques générales
  • Ce quiz a été pris 321 fois
    275 depuis la dernière actualisation
  • Le résultat moyen est 13 sur 28
Réponses sur la Carte
Les réponses sont colorées sur une échelle allant du rouge au vert en fonction du pourcentage des utilisateurs qui les ont devinées à leur premier essai. Vous pouvez retrouver ces pourcentages ci-dessous.
 
Statistiques - réponses
Instruction Escale % Correct
Fais le plein de provisions dans cette ville fortifiée Saint-Malo
95%
Livre ton fret d'huîtres à la préfecture des Côtes d'Armor Saint-Brieuc
75%
Charge des huîtres dans « la capitale des huîtres » Cancale
71%
Livre les sardines en conserve à la sixième plus grande ville de France Nantes
71%
Livre des oignons à la préfecture du Finistère Quimper
71%
Visite ce site de mégalithes néolithiques Alignements de {Carnac}
70%
Rends visite à ton petit ami sur le campus de son université Brest
69%
Émerveille-toi devant les immenses Chantiers de l'Atlantique dans cette ville Saint-Nazaire
67%
Rends visite à ta grand-mère, résidente de cette ville du golfe du Morbihan Vannes
67%
Nage sur une plage surplombée par des villas Belle Époque Dinard
64%
Va dans une taverne avec des copains dans « la ville aux cinq ports » Lorient
60%
Passe une journée de détente sur cette grande île Belle-Île-en-Mer
58%
Charge des oignons, pour lesquels cette ville est célèbre Roscoff
52%
Effectue les réparations nécessaires sur ton bateau dans cette ville fortifiée Concarneau
50%
Fais attention à ce phare construit sur du grès rose et éloigne-toi Phare du cap {Fréhel}
50%
Rencontre ton petit ami et allez nager dans cette célèbre station balnéaire La Baule-Escoublac
44%
Visite le gardien du phare de Créac'h sur cette île Île d'Ouessant
39%
Procure-toi une cargaison des célèbres sardines en conserve de cette ville Quiberon
36%
Rencontre Paul Gauguin par hasard dans « la cité des peintres » Pont-Aven
35%
Fais le plein de provisions à l'embouchure du Léguer Lannion
33%
Participe au festival du chant de marin dans cette ville Paimpol
33%
Récupère le gardien du phare dans la ville où le Kouign-amann a été inventé Douarnenez
32%
Visite le lieu qui prétend être la ville natale d'Astérix Erquy
22%
Peins un tableau de ce magnifique cap de la presqu'île de Crozon Cap de la {Chèvre}
19%
Eloigne-toi de ce phare photogénique Phare de la {Jument}
16%
Dépose le gardien de phare à son lieu de travail dangereux Phare d'{Ar}-{Men}
15%
Evite également ce phare accompagné de la ruine d'une abbaye Phare de {Saint}-{Mathieu}
14%
Navigue prudemment dans ce passage maritime Raz de Sein
14%
Aucun quiz correspondant
Distribution des résultats
% des personnes avec chaque résultat
Percentile par nombre de réponses
Votre historique - résultats
Vous n’avez pas pris ce quiz depuis la dernière actualisation